Армянский алфавит (русское произношение) - Statistics

General Stats
  • This quiz has been taken 139 times
  • The average score is 21 of 39
Answer Stats
Hint Answer % Correct
Թ,թ т с придыханием
80%
Խ,խ х
71%
Ն,ն н
69%
Ս,ս с
69%
Ր,ր р
66%
Ի,ի и
63%
Օ,օ о
63%
Ե,ե е
62%
Վ,վ в
59%
Լ,լ л
59%
Ք,ք к с придыханием
58%
Է,է э
58%
Ա,ա а
58%
Ռ,ռ р твердая
57%
Տ,տ т
56%
Կ,կ к
55%
Պ,պ п
55%
Դ,դ д
54%
Բ,բ б
54%
Փ,փ п с придыханием
53%
Մ,մ м
53%
Ու,ու у
52%
Ճ,ճ ч с придыханием
49%
Ց,ց ц
49%
Ֆ,ֆ ф
49%
Գ,գ г
49%
Շ,շ ш
48%
Չ,չ ч
46%
Ջ,ջ дж
45%
ԵՒ,և ев
43%
Զ,զ з
43%
Ո,ո во. но если стоит в середине слова, то просто "о"
43%
Ժ,ժ ж
43%
Հ,հ х мягкая как h в английском
41%
Յ,յ й
40%
Ը,ը э протяжная
38%
Ծ,ծ ц звонкая
38%
Ձ,ձ дз
38%
Ղ,ղ х твердая
37%
No matching quizzes found
Score Distribution
Percent of People with Each Score
Percentile by Number Answered
Your Score History
You have not taken this quiz